| 000 | 01264nam a2200361 a 4500 | ||
|---|---|---|---|
| 008 | 980710s1997 m yxo ad r y 0 slo c | ||
| 020 |
_a808890000X _c10 |
||
| 040 |
_aSNK _bslo _cSNK _eAACR2 |
||
| 041 | 1 |
_aslo _aeng _ager _beng _bger |
|
| 044 |
_axo _cSK |
||
| 080 | _a908.437.674-37:779 | ||
| 080 | _a779(437.674-37) | ||
| 245 | 1 | 0 |
_aNáš okres Michalovce _c[zostavenie: Viera Čurmová, Alexander Jiroušek] |
| 246 | 1 | 0 | _aOur district Michalovce |
| 246 | 1 | 0 | _aUnser Bezirk Michalovce |
| 260 |
_aKošice _bAgentúra JeS _c1997 |
||
| 300 |
_a109 s. _bfareb. fotogr. _c32 cm |
||
| 500 | _aČiast. text angl. a nem. | ||
| 500 | _aÚdaj o zost. prevzatý z rubu tit. strany | ||
| 500 | _aVyd. pre Okresný úrad Michalovce | ||
| 500 | _aFotogr. Štefan Danko, Pavol Derfényi, Alexander Jiroušek, Ladislav Marton, Erik Mojsej | ||
| 504 | _aRes. angl. a nem. | ||
| 651 | 0 | 7 |
_aMichalovce (Slovensko: okres) _xtexty a fotografie _2SNK |
| 700 | 1 |
_aČurmová, Viera _4com |
|
| 700 | 1 |
_aJiroušek, Alexander _4com _4pht |
|
| 700 | 1 |
_aDerfényi, Pavol _4pht |
|
| 700 | 1 |
_aMarton, Ladislav _4pht |
|
| 700 | 1 |
_aMojsej, Erik _4pht |
|
| 700 | 1 |
_aDanko, Štefan _4pht |
|
| 710 | 0 |
_aOkresný úrad Michalovce _4pbl |
|
| 100 | 1 | _aMatejovič, Milan | |
| 958 | _aAOP | ||
| 999 |
_c19685 _d19685 |
||